00976nam a22002417a 450000500170000001000150001702000260003203500130005803700130007108200160008410000200010024500610012026000360018127000540021730000890027149000810036065000430044165000510048470000230053594200300055899900170058895201290060520130924115417.0 aENG-108109 a9788182746657c990.00 aEN-91642 bDBAD/PUB a940.54230920 aBharucha, P. C.10aThe North African campaign, 1940-43 /cby P. C. Bharucha aNew DelhibPentagon Pressc2012 a206, Peacock Lane, Shahpur JatbNew Delhie110049 axxx, 567p. :billus., plates, ports., maps (part fold., part col.) tables.c25cm(Hb)1 aOfficial history of the Indian Armed Forces in the Second World War, 1939-45 0aWorld War, 1939-1945xCampaignszIraq. 0aWorld War, 1939-1945xCampaignszAfrica, North1 aPrasad, Bisheshwar 2ddccENmBHAh940.5423092 c77915d77915 001040718NFICaDBADbDBADd2013-07-22eDBAD/PUBg990.00l0o940.5423092 BHApEN-91642r2013-07-22 00:00:00t1v990.00yEN